Cinco conceptos propuestos al psicoanálisis.
Salvato in:
| Autore principale: | |
|---|---|
| Altri autori: | |
| Natura: | Sconosciuto |
| Pubblicazione: |
Buenos Aires, Argentina:
El Cuenco de Plata,
2013.
|
| Edizione: | 1ª ed |
| Serie: | Teoría y Ensayo
|
| Soggetti: | |
| Tags: |
Aggiungi Tag
Nessun Tag, puoi essere il primo ad aggiungerne!!
|
MARC
| LEADER | 00000 a2200000 4500 | ||
|---|---|---|---|
| 003 | CL-VaPUC | ||
| 005 | 20221024102652.0 | ||
| 008 | 221017t2013 ||||| |||| 00| 0 eng d | ||
| 999 | |c 436417 |d 436415 | ||
| 020 | |a 978-987-1772-55-1 | ||
| 040 | |c Pontificia Universidad Católica de Valparaíso | ||
| 082 | |a 150.195 JUL 2013 | ||
| 100 | |a Jullien, François |9 408555 |e autor | ||
| 245 | |a Cinco conceptos propuestos al psicoanálisis. | ||
| 250 | |a 1ª ed | ||
| 260 | |a Buenos Aires, Argentina: |b El Cuenco de Plata, |c 2013. | ||
| 300 | |a 140 páginas. | ||
| 490 | |a Teoría y Ensayo | ||
| 583 | |k GC |c 20221017 | ||
| 650 | 0 | |9 265702 |a Psicoanálisis |x Filosofía y teoría | |
| 650 | 0 | |9 265702 |a Psicoanálisis |x Filosofía francesa | |
| 700 | |a Mattoni, Silvio |e traducción |9 877677 | ||
| 942 | |2 ddc |c BK | ||
| 952 | |0 0 |1 0 |2 ddc |4 0 |6 150_195000000000000_JUL_2013 |7 0 |8 A |9 587223 |a BIBTEO |b BIBTEO |c GEN |d 2022-10-13 |e 3 |g 13875.00 |i 5655156 |o 150.195 JUL 2013 |p 5655156 |r 2025-01-17 |t 1 |v 13875.00 |w 2022-10-13 |y BK |k ICR | ||